00711 a2200205 4500001000700000003000400007005001700011008004100028082001700069245008500086260002800171300001000199500001200209690003800221700002300259700002000282942001200302999001300314952017800327065999OSt20251211110902.0  a801.95bM29C1 aThe Routledge companion to critical theorycedited by Simon Malpas and Paul Wake aLondonbRoutledgec2008 a296p. aEnglish aCriticism; Criticism (Philosophy) eMalpas, Simon, ed. eWake, Paul, ed. 2ddccBK c208d208 00102ddc40708TXBaCURAJbCURAJcENGd2012-03-07eENGfRawat Jaipg450.00i1001/15-03-2010l5o801.95 M29Cp285r2025-03-24s2025-03-18w2020-09-02yBKzRoutledge, London